00611 2200253 4500001002100000005001500021035002000036008004100056245004400097100002000141260003800161300002300199020002200222084001600244082000800260650001400268990002100282990000900303990000900312990000900321990000900330990000900339990000900348INLIS00000000000265320250909100945 a0010-0425000009250909 0 ind 1 aEnsiklopedi Indonesia /cHassan Shadily aHassan, Shadily aJakarta :bIchtiar Baru-Van hoeve a376 hlm. ;c20 cm. a978-979-22-6158-5 aR 031 Har e a031 4aReferensi a29/R/SMPN7SBY/16 a7169 a7171 a7172 a7173 a7174 a7175